01423 a2200229 4500001000500000005001700005008004100022003001500063040004000078080010700118245026300225020002200488250001200510264004100522300001900563505038800582041000800970100003200978650001501010856015101025650001701176409720260407155432.0260407a2010 arg spa dAR-UNSa-BCEJYS aAR-UNSa-BCEJYSbspacAR-UNSa-BCEJYS a35.08xPersonal administrativo. Funcionarios. plantilla. función pública. Teoría, organización10aRégimen de empleo público en la administración nacionalpLey marco de regulación de empleo público nacional aprobado por la Ley 25.164 y reglamentación, comentados y anotados con remisión a los convenios colectivos de trabajo generales vigentes a978-950-20-2105-8 a2a. ed. 1aBuenos Aires :bAbeledo Perrotc2010 a622 p.c24 cm. a1. Marco normativo y autoridad de aplicación - 2. Requisitos para el ingreso - 3. Naturaleza de la relación de empleo - 4. Derechos - 5. Deberes, prohibiciones e incompatibilidades - 6. Sistema Nacional de la profesión administrativa - 7. Régimen disciplinario - 8. Recurso judicial - 9. Causales de egreso - 10. Fondo permanente de capacitación y recalificación laboral  aspa1 aGarcía Pullés, Fernando aLey 25.16441uhttps://biblioeco.unsa.edu.ar/pmb/images/libros/Regimen de empleo publico en la administracion nacional-l118398.jpgyImagen de portadaqimage/jpeg a ley 25 164